| 000 | 00955nam a2200253 i 4500 | ||
|---|---|---|---|
| 001 | 47619 | ||
| 003 | ES-MaACL | ||
| 005 | 20230906161611.0 | ||
| 007 | t| | ||
| 008 | 030508s1999 sp ||||1| spa d | ||
| 020 | _a84-7721-812-9 v. 1 | ||
| 080 | _a1(081) Leibniz, Gottfried Wilhelm, Freiherr von | ||
| 100 | 1 |
_aLeibniz, Gottfried Wilhelm _cFreiherr von. _971367 |
|
| 245 | 1 | 0 |
_aMethodus vitae _b: (escritos de Leibniz) / _cedición de Agustín Andreu. |
| 260 |
_aValencia : _bUniversidad Politécnica, Servicio de Publicaciones, _c1999-<2001> |
||
| 300 |
_av. <1-2, 3 pte. 1> ; _c25 cm. |
||
| 490 | 1 |
_aColección Documentos ; _v2,3 |
|
| 505 | 8 | _a1. Naturaleza o fuerza. 2. Individuo o mónada. v. 3 pte. 1. Ética o política | |
| 700 | 1 |
_aAndreu Rodrigo, Agustín. _921649 |
|
| 830 | 0 |
_aColección Documentos ; _v2,3 _9179812 |
|
| 852 |
_aES-MaACL _jP-1969 _bR.132356 |
||
| 852 |
_aES-MaACL _jL-25461-63 _bR.130381 |
||
| 999 |
_c47619 _d47619 |
||